|
|
|
|
| LEADER |
00000cam a2200000 7i4500 |
| 001 |
0000004340 |
| 005 |
20151222.0 |
| 008 |
070725 |
| 020 |
|
|
|a 9831438159(set)
|
| 020 |
|
|
|a 9831438221
|
| 090 |
0 |
0 |
|a JF
|b ART ENG (5312)
|
| 245 |
0 |
0 |
|a Starting out in acrylic
|
| 260 |
|
|
|a Selangor :
|b Penerbit mega setia emas ,
|c 2006
|
| 440 |
|
0 |
|a Step by step drawing 2
|
| 500 |
|
|
|a Children ages 7-9 years old (orange)
|
| 650 |
|
0 |
|a Art
|x Juvenile literature
|
| 650 |
|
0 |
|a Junior fiction
|x English
|x Languages
|
| 999 |
|
|
|a 0000973311
|b Book
|c Children Collection
|e Cawangan Bandar Tenggara
|
| 999 |
|
|
|a 0000973312
|b Book
|c Children Collection
|e Perbadanan Perpustakaan Awam Johor
|
| 999 |
|
|
|a 0000973313
|b Book
|c Children Collection
|e Perbadanan Perpustakaan Awam Johor
|
| 999 |
|
|
|a 0000973314
|b Book
|c Children Collection
|e Cawangan Bandar Penawar
|
| 999 |
|
|
|a 0001143346
|b Book
|c Children Collection
|e Cawangan Tmn. Ungku Tun Aminah
|
| 999 |
|
|
|a 0001143347
|b Book
|c Children Collection
|e Cawangan Bandar Penawar
|
| 999 |
|
|
|a 0001143349
|b Book
|c Children Collection
|e Cawangan Tangkak
|
| 999 |
|
|
|a 0001143350
|b Book
|c Children Collection
|e Cawangan Bandar Tenggara
|